000 01453nam0a2200385 4500
001 RU\NLR\BIBL_A\016314740
005 20250627115434.0
010 _a978-5-9933-0424-3
_9100
021 _aRU
_b2023-7958
_9КН-П-766
035 _a(RuMoRGB)011580905
035 _a(NLR Aleph) 016314740
090 _a13314547
_c13314547
100 _a20230317d2023 |||y0rusy50 ca
101 0 _arus
102 _aRU
105 _aah z 000zy
181 0 _ai3
_baxxe
182 0 _an
200 1 _aКак определить, где мы, и не только об этом
_fН. Б. Вавилова, Н. А. Парусников
203 _aТекст
_bвизуальный
_cнепосредственный
210 _aМосква
_cГраница
_d2023
215 _a60, [3] с.
_cил., факс.
_d21
320 _aДр. кн. авт. в конце текста
606 1 _aНавигационные системы
_jПопулярные издания
_91662356
_3RU\NLR\AUTH\66736648
606 _aОриентирование на местности
_91134318
_3RU\NLR\AUTH\66131772
675 _a087.5:91
_v4
686 _a26.8
_2rubbks
686 1 _aО471-5я9
686 1 _aД12я9
700 1 _aВавилова
_bН. Б.
_gНина Борисовна
701 1 _aПарусников
_bН. А.
_gНиколай Алексеевич
942 _cBOOK
980 _aNB